Shadharāt ʻalā Sharḥ Shudhūr al-dhahab. (Record no. 46804)

MARC details
000 -LEADER
fixed length control field 00711cam a22002411 4500
001 - CONTROL NUMBER
control field ne 64000675
003 - CONTROL NUMBER IDENTIFIER
control field DLC
005 - DATE AND TIME OF LATEST TRANSACTION
control field 20260227111757.0
008 - FIXED-LENGTH DATA ELEMENTS--GENERAL INFORMATION
fixed length control field 950710s1962 xx 000 0 arao
010 ## - LIBRARY OF CONGRESS CONTROL NUMBER
LC control number ne 64000675
025 ## - OVERSEAS ACQUISITION NUMBER
Overseas acquisition number PL480:UAR-3773
035 ## - SYSTEM CONTROL NUMBER
System control number (OCoLC)32793020
040 ## - CATALOGING SOURCE
Original cataloging agency DLC
Transcribing agency CU
Modifying agency CU
-- DLC
042 ## - AUTHENTICATION CODE
Authentication code premarc
050 00 - LIBRARY OF CONGRESS CALL NUMBER
Classification number PJ6106
Item number .S2
100 1# - MAIN ENTRY--PERSONAL NAME
Personal name Ṣaʻīdī, ʻAbd al-Mutaʻāl,
Dates associated with a name 1894-
245 10 - TITLE STATEMENT
Title Shadharāt ʻalā Sharḥ Shudhūr al-dhahab.
260 ## - PUBLICATION, DISTRIBUTION, ETC.
Date of publication, distribution, etc. .1961 [i.e. 1962]
300 ## - PHYSICAL DESCRIPTION
Extent 403 p.
Dimensions 24 cm.
650 #0 - SUBJECT ADDED ENTRY--TOPICAL TERM
Topical term or geographic name entry element Arabic language
General subdivision Grammar.
700 2# - ADDED ENTRY--PERSONAL NAME
Personal name Ibn Hishām, ʻAbd Allāh ibn Yūsuf,
Dates associated with a name 1309-1360.
Title of a work Shudhūr al-dhahab.
740 0# - ADDED ENTRY--UNCONTROLLED RELATED/ANALYTICAL TITLE
Uncontrolled related/analytical title Sharḥ Shudhūr al-dhahab.

No items available.

Powered by Koha